| 000 | 01193cad a22002415a 4500 | ||
|---|---|---|---|
| 001 | L154255 | ||
| 008 | 111107e20111104xxkd f s 000 0 eng d | ||
| 035 | _a(Sirsi) u154255 | ||
| 041 | 0 | _aeng | |
| 110 | 2 |
_aRoyal Institution of Chartered Surveyors _bEconomics _95033 |
|
| 245 | 0 | 0 |
_aRICS global real estate weekly _b4 November 2011 _h[electronic resource] |
| 260 |
_aLondon _bRICS _c2011 |
||
| 490 | 0 |
_aRICS Global Real Estate Weekly _v4 November 2011 |
|
| 520 | _aChinese house prices grow at slowest rate for 2 years to allay concerns of a bubble. No change in Polish interest rates for now; real estate rents still heading higher. US housing market in need of a helping hand. 2012 will see winners and losers in European real estate markets. | ||
| 590 | _aKA | ||
| 650 | 2 | 4 | _aRICS GLOBAL REAL ESTATE WEEKLY |
| 651 | 4 | _aInternational | |
| 690 | _aPROPERTY-COMMERCIAL PROPERTY-COMMERCIAL PROPERTY MARKET | ||
| 690 | _aBUILT ENVIRONMENT-CONSTRUCTION MARKET | ||
| 690 | _aPROPERTY-RESIDENTIAL PROPERTY-RESIDENTIAL PROPERTY MARKET | ||
| 856 | 4 | 0 |
_uhttps://www.rics.org/site/download_feed.aspx?fileID=10765&fileExtension=PDF _zView the report free of charge at www.rics.org |
| 942 | _n0 | ||
| 999 |
_c112910 _d112910 |
||